LIBRARY & INFORMATION CENTRE, KCAET, TAVANUR

ONLINE PUBLIC ACCESS CATALOGUE (OPAC)

Nammude sahithyakaranmar Part-13 / (Record no. 5254)

MARC details
000 -LEADER
fixed length control field 00451cam a2200169ua 4500
041 ## - LANGUAGE CODE
Language code of text/sound track or separate title mal
082 ## - DEWEY DECIMAL CLASSIFICATION NUMBER
Classification number 928.94812
Item number KUN/NA
100 ## - MAIN ENTRY--AUTHOR NAME
Personal name Kunjukrishnan, Pallippattu.
245 ## - TITLE STATEMENT
Title Nammude sahithyakaranmar Part-13 /
260 ## - PUBLICATION, DISTRIBUTION, ETC. (IMPRINT)
Place of publication Cheppad :
Name of publisher E K Raghu rama chandran ,
Year of publication 1963.
300 ## - PHYSICAL DESCRIPTION
Number of Pages 216 ; .
942 ## - ADDED ENTRY ELEMENTS (KOHA)
Koha item type Books
Holdings
Withdrawn status Lost status Damaged status Home library Current library Date acquired Full call number Accession Number Koha item type
Withdrawn     KAUAET Central Prison Tavanur 07/04/2012 928.94812 153 Books
free website counter